00960nam a22001817a 4500003000900000008004100009020001800050040007100068082002200139245010000161260002500261300002800286505035300314650002100667650002300688650002100711700004600732AR-CdUCM190306b ||||| |||| 00| 0 spa d a9972-691-17-9 aMUNICIPALIDAD PROVINCIAL DEL CUSCOcBIBLIOTECA MUNICIPAL DEL CUSCO a401.41089985 /bT aTradición oral andina y amazónica :bmétodos de análisis e interpretación de textos / aCusco :bCBC,c1999. a385 páginas ;c24 cm. aContenido: El mundo del agua en la tradición oral Ese Eja -- Hacia una mitografía andina -- Función y forma poética en "el condor y la pastora" -- Comentario de un texto ritual andino, reflexiones metodológicas y propuesta de tipología -- Jicchaxa sikuyay pikt'itasma, kayñarak pikt'itasma... un aporte al analisis textual aymara ... aTradición oral aLiteratura popular aOralidad peruana aGodenzzi Alegre, Juan Carlos (compilador)